Normal view MARC view
  • Spon's environmental science and engineering series.

Entry Uniform Title

Number of records used in: 3

001 - CONTROL NUMBER

  • control field: 6780

003 - CONTROL NUMBER IDENTIFIER

  • control field: NUST

005 - DATE AND TIME OF LATEST TRANSACTION

  • control field: 20171124142020.0

008 - FIXED-LENGTH DATA ELEMENTS

  • fixed length control field: 171124|| aca||aabn | a|a d

040 ## - CATALOGING SOURCE

  • Original cataloging agency: NUST
  • Transcribing agency: NUST

130 ## - HEADING--UNIFORM TITLE

  • Uniform title: Spon's environmental science and engineering series.

670 ## - SOURCE DATA FOUND

  • Source citation: Work cat.: (NUST)0: Agricultural pollution :, 2002.
© 2023 Central Library, National University of Sciences and Technology. All Rights Reserved.